000 01124nam0a22002891 4500
001 RU\NLR\INFOCOMM_253\5000013238
005 20250613092933.0
035 _a(NLR Aleph) 009186858
090 _a8606125
_c8606125
100 _a20100325d1986 |||y0rusy50 ca
101 1 _acze
_crus
102 _aRU
105 _aa ||||000|y
200 1 _aMěsta a lidé
_eAustrálie, Nový Zéland, Japonsko
_eCestopisné črty novináře
_fBoris Čechonin
_g[Přel. L. Stočesová]
210 _aΜ.
_cNakl-ví Tiskové agentury "Novosti"
_d1986
215 _a85 с.
_cил.
_d16 см
300 _aВ вып. дан.: Города и люди : Австралия. Новая Зеландия, Япония / Борис Иванович Чехонин
607 _aОкеания
_xИстория
_z20 в.
_2nlr_sh1
607 _aЯпония
_xИстория
_z20 в.
_2nlr_sh1
686 _aТ3(8)63, 013.5
_2rubbk
686 _aТ3(5я)63, 013.5
_2rubbk
700 1 _aČechonin
_bB. I.
_f1928-
_gBoris Ivanovič
_4070
801 1 _aRU
_bNLR
_c20100325
801 0 _aRU
_bNLR
_gPSBO
852 _aNLR
_jСл Чеш-1/1583
942 _cBOOK
980 _aNB